Leibniz a collection of critical essays (Registro nro. 93110)

Detalles MARC
000 -ENCABEZADO
Número de control [NR] 01586nam a22002177a 4500
008 - DE LONGITUD FIJA DE DATOS DE ELEMENTOS - INFORMACIÓN GENERAL
Elementos de longitud fija [NR] 130821s1972 xxu gr eng
040 ## - FUENTE DE CATALOGACION [NR]
Agencia de catalogación original [NR] Co-BoUCM
Idioma de catalogación [NR] spa
041 00 - CODIGO DE IDIOMA [R]
Código de idioma para texto/pista de sonido o título separado [R] Inglés
100 1# - ASIENTO PRINCIPAL--NOMBRE PERSONAL [NR]
Nombre personal [NR] Frankfurt, Harry G.
Fechas asociadas con el nombre [NR] 1929-
Término relacionador [R] comp.
ID Autoridad 127411
245 00 - MENCION DE TITULO [NR]
Título [NR] Leibniz a collection of critical essays
Mención de responsabilidad, etc. [NR] editor Harry G. Frankfurt.
260 ## - PUBLICACION, DISTRIBUCION, ETC. (PIE DE IMPRENTA) [R]
Lugar de publicación, distribución, etc. [R] Garden city (Nueva York, Estados Unidos)
Nombre del editor, distribuidor, etc. [R] Anchor Books
Fecha de publicación, distribución, etc. [R] 1972
300 ## - DESCRIPCION FISICA [R]
Extensión [R] viii, 425 páginas
490 0# - MENCION DE SERIE [R]
Mención de serie [R] Modern studies in philosophy
505 0# - NOTA DE CONTENIDO CON FORMATO PREESTABLECIDO [R]
Nota de contenido con formato preestablecido [NR] Leibniz's predicate-in-notion principle and some of its alleged consequences, by C. D. Broad.--On Leibniz's metaphysics, by L. Couturat.--Philosophical reflections of Leibniz on law, politics, and the state, by C. J. Friedrich.--The root of contingency, by E. M. Curley.--Monadology, by M. Furth.--Individual substance, by I. Hacking.--Leibniz on plenitude, relations, and the "reign of the law," by J. Hintikka.--Leibniz's theory of the ideality of relations, by H. Ishiguro.--Leibniz and Spinoza on activity, by M. Kneale.--Leibniz and Newton, by A. Koyré.--Plenitude and sufficient reason in Leibniz and Spinoza, by A. O. Lovejoy.--Leibniz on possible worlds, by B. Mates.--Recent work on the philosophy of Leibniz, by B. Russell.--On Leibniz's explication of "necessary truth," by M. D. Wilson.--Bibliography (p. [421]-425)
600 10 - ASIENTO SECUNDARIO DE MATERIA - NOMBRE PERSONAL [R]
Nombre personal [NR] Leibniz, Gottfried Wilhelm
Títulos y otras palabras asociadas con el nombre [R] Freiherr von
Fechas asociadas con el nombre [NR] 1646-1716
9 (RLIN) 85560
650 04 - ASIENTO SECUNDARIO DE MATERIA - TERMINO TEMATICO [R]
Término temático o nombre geográfico como elemento de entrada [NR] Filosofía moderna
9 (RLIN) 15835
650 04 - ASIENTO SECUNDARIO DE MATERIA - TERMINO TEMATICO [R]
Término temático o nombre geográfico como elemento de entrada [NR] Filosofía
9 (RLIN) 75
650 04 - ASIENTO SECUNDARIO DE MATERIA - TERMINO TEMATICO [R]
Término temático o nombre geográfico como elemento de entrada [NR] Filósofos alemanes
9 (RLIN) 15859
942 ## - ELEMENTOS DE ENTRADA AGREGADOS (KOHA)
Tipo de ítem principal el descrito en 300a Libro
Tema principal Filosofía
Edición 1
Parte restante de la signatura top. F829L
Sistema de clasificación DEWEY
Clasificación 193
Existencias
Fecha de último préstamo Total préstamos Total Renewals Signatura topográfica Código de barras Última vez visto Ejemplar Price effective from Tipo de ítem Perdido Sistema de clasificación Dañado No prestable Tipo de ítem específico Suprimido Ubicación habitual Ubicación actual Localización Fecha de creación Forma de adquisición Costo
11/03/2024 5 3 193 F829L 100085103 10/12/2025 Ej.1 03/02/2013 Libro   DEWEY     Libro   Claustro Claustro 2do piso 28/02/2013 Compra 63250.00